Nuevo estado soberano en América Latina /
Сохранить в:
| Главный автор: | |
|---|---|
| Формат: | Текст |
| Метки: |
Добавить метку
Нет меток, Требуется 1-ая метка записи!
|
MARC
| LEADER | 00000 a a2200000 04500 | ||
|---|---|---|---|
| 001 | 636 | ||
| 003 | |||
| 040 | |||
| 100 | |a Fetísov, Alexandr | ||
| 245 | |a Nuevo estado soberano en América Latina / |c Alexandr Fetísov | ||
| 773 | |g número 3; páginas 23-33 | ||
| 999 | |c 29478 |d 29478 | ||
